[Event "Larsens Nordjyske Mindeturnering2018"]
[Site "KATEDRALSKOLEN AALBORG"]
[Date "2018.10.16"]
[Round "4.8"]
[White "Hess, Christian"]
[Black "Aubert, Carsten"]
[Result "1-0"]
[BlackElo "1997"]
[WhiteElo "2225"]
[LiveChessVersion "1.4.8"]

1. c4 {[%clk 1:30:24]} e6 {[%clk 1:30:32]} 2. Nc3 {[%clk 1:30:24]} Nf6
{[%clk 1:30:32]} 3. e4 {[%clk 1:30:24]} c5 {[%clk 1:30:32]} 4. e5
{[%clk 1:30:24]} Ng8 {[%clk 1:30:32]} 5. Nf3 {[%clk 1:30:24]} Nc6
{[%clk 1:30:32]} 6. d4 {[%clk 1:30:24]} cxd4 {[%clk 1:30:32]} 7. Nxd4
{[%clk 1:30:24]} Nxe5 {[%clk 1:30:32]} 8. Ndb5 {[%clk 1:30:24]} a6
{[%clk 1:30:32]} 9. Nd6+ {[%clk 1:30:24]} Bxd6 {[%clk 1:30:32]} 10. Qxd6
{[%clk 1:30:24]} Ng6 {[%clk 1:30:32]} 11. Be3 {[%clk 1:30:24]} Qe7
{[%clk 1:30:32]} 12. Qb6 {[%clk 1:30:24]} f5 {[%clk 1:30:32]} 13. Qa5
{[%clk 1:30:24]} Rb8 {[%clk 1:30:32]} 14. h4 {[%clk 1:30:24]} Nxh4
{[%clk 1:30:32]} 15. Bf4 {[%clk 1:30:24]} d6 {[%clk 1:30:32]} 16. c5
{[%clk 1:30:24]} b6 {[%clk 1:30:32]} 17. Qa4+ {[%clk 1:30:24]} b5
{[%clk 1:30:32]} 18. Qa5 {[%clk 1:30:24]} e5 {[%clk 1:30:32]} 19. cxd6
{[%clk 1:30:24]} Qxd6 {[%clk 1:30:32]} 20. Rd1 {[%clk 1:30:24]} Qb6
{[%clk 1:30:32]} 21. Qxb6 {[%clk 1:30:24]} Rxb6 {[%clk 1:30:32]} 22. Bg5
{[%clk 1:30:24]} Nxg2+ {[%clk 1:30:32]} 23. Bxg2 {[%clk 1:30:24]} Nf6
{[%clk 1:30:32]} 24. Nd5 {[%clk 1:30:24]} Nxd5 {[%clk 1:30:32]} 25. Rxd5
{[%clk 1:30:24]} O-O {[%clk 1:30:32]} 26. Rxe5 {[%clk 1:30:24]} Bb7
{[%clk 1:30:32]} 27. Bxb7 {[%clk 1:30:24]} Rxb7 {[%clk 1:30:32]} 28. Ke2
{[%clk 1:30:24]} Rc7 {[%clk 1:30:32]} 29. Rc1 {[%clk 1:30:24]} Rfc8
{[%clk 1:30:32]} 30. Rxc7 {[%clk 1:30:24]} Rxc7 {[%clk 1:30:32]} 31. Kd3
{[%clk 1:30:24]} Rd7+ {[%clk 1:30:32]} 32. Kc2 {[%clk 1:30:24]} Kf7
{[%clk 1:30:32]} 33. Rxf5+ {[%clk 1:30:24]} Ke6 {[%clk 1:30:32]} 34. Rc5
{[%clk 1:30:24]} Kd6 {[%clk 1:30:32]} 35. Be3 {[%clk 1:30:24]} Re7
{[%clk 1:30:32]} 36. Rh5 {[%clk 1:30:24]} Rc7+ {[%clk 1:30:32]} 37. Kd3
{[%clk 1:30:24]} Ke6 {[%clk 1:30:32]} 38. Rxh7 {[%clk 1:30:24]} Kf5
{[%clk 1:30:32]} 39. Bd4 {[%clk 1:30:24]} Ke6 {[%clk 0:07:50]} 40. Be3 Kf5 41.
Bd4 {[%clk 0:06:23]} Ke4+ 42. Kxe4 1-0